000 00634nam a2200217Ia 4500
005 20260429112305.0
008 260429s9999||||xx |||||||||||||| ||und||
020 _a9781666870725
041 _aEnglish
082 _a910.285
_bROG
100 _aRogers, Cheryl
245 0 _aConcepts and applications of remote sensing and geoinformatics /
_cCheryl Rogers
250 _a1st ed.
260 _aWilmington :
_bAmerican Academic Publisher,
_c2024.
300 _aix, 314 p.; hb
650 _a Geographic information systems
650 _a Geoinformatics
650 _a Spatial analysis
650 _aRemote sensing
942 _cTB
999 _c53338
_d53338